00729nam a22002057a 4500003000900000005001700009008004100026040003300067041000800100080001200108100001900120245016900139260004900308300002400357650000900381650001200390942000700402952009500409999001900504LK-CoDNM20241220093605.0241220b |||||||| |||| 00| 0 eng d aLK-CoDNMdLK-CoDNMeLK-CoDNM aeng a2abG13 aBartsch, Paul. aReport on the Turton collection of South African marine Mollusks, with additional notes on other South African shells contained in the united states national museum aWashingtonbGovernment printing officec1915 b305p. : ill ; 24 cm a1915 aScience cBK 001041708SCIaMAINbMAINcREFd2024-12-20l0o2a G13pOS251r2024-12-20w2024-12-20yBK c233745d233745